000
00216nam a2200097Ia 4500
008
230907s9999||||xx |||||||||||||| ||und||
082
_a
339
_b
BOH
245
0
_a
Macroeconomic theory /
300
_a
423 p.
942
_c
BK
999
_c
600108
_d
600108